| 000 | 00629nam a2200193Ia 4500 | ||
|---|---|---|---|
| 003 | GCL | ||
| 008 | 140319s9999 xx 000 0 ara d | ||
| 040 |
_aGCL / _cGCL |
||
| 082 | 0 | 4 |
_a214.32 _bع د |
| 100 | 1 | _aعبدالاله بلقزيز | |
| 245 | 1 | 0 |
_aالدولة فى الفكر الاسلامى المعاصر / _cعبدالاله بلقزيز |
| 260 |
_aبيروت : _bمركز دراسات الوحدة العربية ، _c2002 |
||
| 300 |
_a307 ص ؛ _c32 سم |
||
| 650 | 0 | 4 | _aالاسلام |
| 650 | 0 | 4 | _aالخلافة |
| 650 | 0 | 4 | _aالشورى |
| 650 | 0 | 4 | _aالاسلام والسياسة |
| 942 |
_2ddc _cBK |
||
| 999 |
_c57608 _d57608 |
||